| 000 | 01544nam a2200385Ia 4500 | ||
|---|---|---|---|
| 001 | DIGCIDOB190 | ||
| 003 | NyNyDIG | ||
| 006 | m o d | ||
| 007 | cr ||||||||||| | ||
| 008 | 150101s2007 sp ob 000 0 spa d | ||
| 035 | _a(OCoLC)1335126531 | ||
| 040 |
_aDGITA _beng _erda _epn _cDGITA |
||
| 043 |
_an-us--- _a-cc--- |
||
| 050 | 1 | 4 | _aE183.8.C5 |
| 100 | 1 |
_aMartínez Montes, Luis Francisco, _eauthor. |
|
| 245 | 1 | 4 |
_aLos Estados Unidos y el ascenso de China : _bimplicaciones para el orden mundial / _cLuis Francisco Martínez Montes. |
| 264 | 1 |
_aBarcelona : _bFundació CIDOB, Barcelona Centre for International Affairs, _c2007. |
|
| 300 | _a1 online resource (145 pages) | ||
| 336 |
_atext _btxt _2rdacontent |
||
| 337 |
_acomputer _bc _2rdamedia |
||
| 338 |
_aonline resource _bcr _2rdacarrier |
||
| 490 | 1 |
_aDocumentos CIDOB. _aAsia ; _v17 |
|
| 504 | _aIncludes bibliographical references (pages 141-145) | ||
| 588 | _aDescription based on online resource; title from PDF title page (Digitalia, viewed December 5, 2014) | ||
| 651 | 0 |
_aUnited States _xForeign relations _zChina. |
|
| 651 | 0 |
_aChina _xForeign relations _zUnited States. |
|
| 651 | 0 |
_aChina _xForeign relations _y2000- |
|
| 655 | 7 |
_aPeriodicals. _2lcgft |
|
| 710 | 2 | _aCIDOB (Center) | |
| 793 | 0 |
_gDigitalia e-journal Collection: _aCIDOB, Barcelona |
|
| 791 | 2 |
_aDigitalia (Firm), _edistributor. |
|
| 830 | 0 |
_aDocumentos CIDOB. _pAsia, _x1696-9987; _v17. |
|
| 856 | 4 | 0 |
_3Digitalia Hispánica _uhttps://www.digitaliapublishing.com/a/23788/ |
| 942 | _cRAA | ||
| 999 |
_c237939 _d237939 |
||